LDR 01057naa#a2200193#i#450# 001 RU\\bibl\123424 005 20260706010544.1 011 ## _a1994-4683 100 ## _a20230731b2023####ek#y0rusy0150####ca 102 ## _aRU 200 1# _aМЕТОДИКА КОРРЕКЦИИ ДВИГАТЕЛЬНЫХ ОШИБОК В ЖИМЕ ШТАНГИ ЛЕЖА У КВАЛИФИЦИРОВАННЫХ ПАУЭРЛИФТЕРОВ _eЖурнальная статья 210 1# _aМосква _cНациональный государственный Университет физической культуры, спорта и здоровья им. П.Ф. Лесгафта _d2023 215 ## _a5 с. 608 ## _aЖурнальная статья _2local 675 ## _aПрочие виды единоборства и тяжелой атлетики. 796.89 _z 700 #1 _aСычев _gПавел Александрович 700 #1 _aАнцыперов _gВладимир Викторович 700 #1 _aВласова _gТатьяна Николаевна 856 4# _auchzapiski.lesgaft.spb.ru _u